Supersticiones y leyendas : región misionera. valles calchaquíes. las pampas /
Las supersticiones de la región misionera -- Fantasmas de la selva misionera -- Leyendas de la región misionera -- Costumbres y supersticiones de los Valles Calchaquíes -- Supersticiones gauchas
Guardado en:
| Autor Principal: | |
|---|---|
| Formato: | Libro |
| Publicado: |
Buenos Aires :
Emecé,
2001
|
| Series: | Memoria Argentina / Alberto Casares y Bonifacio P. del Carril
|
| Materias: | |
| Etiquetas: |
Agregar Etiqueta
Sin Etiquetas, Sea el primero en etiquetar este registro!
|
| LEADER | 00980nam a22002415a 4500 | ||
|---|---|---|---|
| 001 | CEM.cems014188 | ||
| 008 | 130507s2001#############b####000#0#####d | ||
| 005 | 20250819143309.0 | ||
| 245 | 1 | 0 | |a Supersticiones y leyendas : |b región misionera. valles calchaquíes. las pampas / |c Juan B. Ambrosetti |
| 260 | |a Buenos Aires : |b Emecé, |c 2001 | ||
| 300 | |a 192 p. | ||
| 490 | 0 | |a Memoria Argentina / Alberto Casares y Bonifacio P. del Carril | |
| 520 | |a Las supersticiones de la región misionera -- Fantasmas de la selva misionera -- Leyendas de la región misionera -- Costumbres y supersticiones de los Valles Calchaquíes -- Supersticiones gauchas | ||
| 504 | |a Bibliografía de Juan B. Ambrosetti p. 183. | ||
| 020 | |a 9500422662 | ||
| 100 | 1 | |a Ambrosetti, Juan B. | |
| 082 | 0 | 4 | |a 398.3 |
| 653 | |a Literatura argentina | ||
| 653 | |a Leyendas | ||
| 653 | |a Relatos | ||
| 653 | |a Religión | ||
| 653 | |a Folklore argetino | ||
| 859 | |a CEMS |b BIB. CEMS - 11 de abril |h 398.3 |i Am18 |p 26754.14 |t Ej.1 | ||
